Las instituciones de las Comunidades Europeas / (Record no. 82138)

MARC details
000 -LEADER
campo de control de longitud fija 00729nam a2200229 i 4500
001 - NÚMERO DE CONTROL
campo de control 82138
003 - IDENTIFICADOR DE NÚMERO DE CONTROL
campo de control ES-MaACL
005 - FECHA Y HORA DE LA ÚLTIMA TRANSACCIÓN
campo de control 20230906174616.0
007 - CAMPO FIJO DE DESCRIPCIÓN FÍSICA--INFORMACIÓN GENERAL
campo de control de longitud fija t|
008 - DATOS DE LONGITUD FIJA--INFORMACIÓN GENERAL
campo de control de longitud fija 041125s1987 sp ||||1| spa d
020 ## - NÚMERO INTERNACIONAL ESTÁNDAR DEL LIBRO
Número Internacional Estándar del Libro 84-7137-954-6
080 ## - NÚMERO DE LA CLASIFICACIÓN DECIMAL UNIVERSAL
Número de la Clasificación Decimal Universal 341.176(4-672 CE)
100 1# - ENTRADA PRINCIPAL--NOMBRE DE PERSONA
Nombre de persona Molina del Pozo, Carlos F.
9 (RLIN) 81928
245 14 - MENCIÓN DEL TÍTULO
Título Las instituciones de las Comunidades Europeas /
Mención de responsabilidad, etc. Carlos F. Molina del Pozo.
260 ## - PUBLICACIÓN, DISTRIBUCIÓN, ETC.
Lugar de publicación, distribución, etc. Pamplona :
Nombre del editor, distribuidor, etc. Salvat,
Fecha de publicación, distribución, etc. 1987.
300 ## - DESCRIPCIÓN FÍSICA
Extensión 95 p. :
Otras características físicas il. col. y n. ;
Dimensiones 21 cm.
490 1# - MENCIÓN DE SERIE
Mención de serie Salvat libros. Serie Europa ;
Designación de volumen o secuencia 4
650 14 - PUNTO DE ACCESO ADICIONAL DE MATERIA--TÉRMINO DE MATERIA
Término de materia o nombre geográfico como elemento de entrada Instituciones comunitarias.
9 (RLIN) 13830
830 0# - PUNTO DE ACCESO ADICIONAL DE SERIE-TÍTULO UNIFORME
Título uniforme Salvat libros. Serie Europa ;
Designación de volumen o secuencia 4
9 (RLIN) 183731
852 ## - LOCALIZACIÓN
Ubicación ES-MaACL
Número de control de estantería E-10480
Sublocalización o colección R.134606
Holdings
Estatus retirado Estado de pérdida Estado de daño No para préstamo Biblioteca de origen Biblioteca actual Ubicación en estantería Fecha de adquisición Fuente de adquisición Total de préstamos Signatura topográfica completa Código de barras Visto por última vez Precio de reemplazo Tipo de ítem Koha
        Biblioteca del Ateneo de Madrid Biblioteca del Ateneo de Madrid Depósito 2 17/01/2008     E-10480 1085848 23/02/2023 23/02/2023 Libro impreso